Commonest English Words by Letter Quiz Stats

Quiz not verified by Sporcle

Also try: The African Jumble
Challenge
Share
Tweet
Embed
Score 0/69 Timer 08:00
0 Plays Today
Letter Word % Correct
Bbe
90.6%
Ddo
87.8%
Nno
86.1%
Ccan
84.7%
Ggo
84.4%
Iin
84.2%
Oon
83.5%
Hhe
83.2%
Ffor
80.3%
Iis
80.3%
Iit
79.9%
Yyou
78.4%
Tto
77.5%
Oof
76.7%
Aas
75.3%
Aat
74.6%
Aare
73.4%
Ccould
68.8%
Jjust
68.1%
Bbut
66.4%
Ffrom
65.7%
Yyour
64.3%
Wwhat
63.8%
Hhave
61.6%
Ddid
60.9%
Hhis
60.2%
Bby
58.5%
Gget
57.8%
Llike
56.6%
Sshe
56.1%
Eevery
54.9%
Tthat
54.7%
Uup
54.2%
Mmore
52.8%
Tthey
51.8%
Letter Word % Correct
Uunder
51.1%
Vvery
51.1%
Kknow
47.5%
Oone
47.5%
Wwas
47%
Ssome
45.1%
Eeach
40.8%
Uuse
40.3%
Ccome
38.6%
Dday
38.6%
Nnow
37.6%
Qquick
36.7%
Ggood
36.2%
Eend
35.7%
Mmake
34.8%
Mmany
34.1%
Kkeep
33.6%
Rright
33.6%
Rrun
33.6%
Ssaid
33.6%
Ppeople
33.3%
Wwith
33.3%
Qquestion
31.7%
Llive
28.1%
Ffirst
24%
Yyear
23.3%
Kkind
21.8%
Pplace
21.8%
Llong
20.1%
Ppart
12.9%
Rround
12.2%
Vvoice
11.3%
Vvowel
7.2%
Nnumber
6.2%

You're not logged in!

Compare scores with friends on all Sporcle quizzes.
Sign Up with Email
OR
Log In

You Might Also Like...

Show Comments

Extras

Top Quizzes Today


Score Distribution

Your Account Isn't Verified!

In order to create a playlist on Sporcle, you need to verify the email address you used during registration. Go to your Sporcle Settings to finish the process.